Hunger Games - Mort subite - Statistiques

Statistiques générales
  • Ce quiz a été pris 612 fois
  • Le résultat moyen est 13 sur 20
Answers on the Grid
Answers color-coded by a green-red scale on the quiz's grid according to % correct below.
Haymitch
Casca
Minho
Gale
Caesar
Cinna
Glader
Boggs
Peeta
Glimmel
Primrose
Cato
Eisen
Alma
Odin
Rue
Beetee
Zatanna
Donnie
Finnick
Effie
Snow
Swiss
Lucy
Andy
Cressida
Tigris
Johanna
Petra
Katniss
 
Statistiques - réponses
Réponse % Correct
Haymitch
88%
Gale
81%
Cinna
80%
Peeta
80%
Primrose
79%
Rue
75%
Snow
74%
Cato
73%
Finnick
73%
Katniss
71%
Caesar
70%
Effie
66%
Johanna
66%
Tigris
62%
Beetee
59%
Boggs
59%
Cressida
53%
Lucy
53%
Alma
41%
Casca
25%
Aucun quiz correspondant
Distribution des résultats
% des personnes avec chaque résultat
Percentile par nombre de réponses
Votre historique - résultats
Vous n’avez pas pris ce quiz